000 00442nam a22001817a 4500
003 MPLRDC
005 20220104124347.0
008 210129b ||||| |||| 00| 0 eng d
020 _a7-5063-0740-5
082 _a813 NBE-12
100 _a文远、余翔著
245 _a精品中的精品
_c
250 _a一版一刷
260 _a
_b作家出版社
_c1994
300 _b
650 _a世界文学总集
942 _cBK
_o813 NBE-12
999 _c18718
_d18708